| 000 -LEADER |
| fixed length control field |
00361cam a22000977a 4500 |
| 008 - FIXED-LENGTH DATA ELEMENTS--GENERAL INFORMATION |
| fixed length control field |
180718b1958 xxu||||| |||| 00| 0 eng d |
| 082 ## - DEWEY DECIMAL CLASSIFICATION NUMBER |
| Classification number |
A45:R64011 BOMB/1957-58 |
| 245 ## - TITLE STATEMENT |
| Title |
Annual report on the administration of the Indian boilers act, 1923, in the state of Bombay, 1957-58 |
| Statement of responsibility, etc. |
by Government of Bombay |
| 260 ## - PUBLICATION, DISTRIBUTION, ETC. |
| Place of publication, distribution, etc. |
Kolhapur |
| Name of publisher, distributor, etc. |
Government PRess |
| Date of publication, distribution, etc. |
1958 |
| 300 ## - PHYSICAL DESCRIPTION |
| Extent |
18p. |